00513nam a2200157 a 4500008004100000020001800041050001600059110001500075245011300090250001300203260006900216300002000285350001000305650001900315650002100334160421s2013 ||||||||||||||||| || u a9780821396155 aHD 3616 Doi aWorld Bank10aDoing business 2013: smarter regulations for small and medium -size enterprises. 10th ed.cBy The World Bank a10th ed. aWashington D.CbThe International Bank for Reconstructionc 2013 avi, 270p.: ill. a35.00 aCOMMERCIAL LAW aTRADE REGULATION